LEADER 01044nam--2200337---450 001 990001927160203316 005 20210510105909.0 035 $a000192716 035 $aUSA01000192716 035 $a(ALEPH)000192716USA01 035 $a000192716 100 $a20040812d1972----km-y0itay0103----ba 101 0 $aita 102 $aIT 105 $a||||||||001yy 200 1 $a<> sottoproletariato in Italia$ePer un approccio politico e metodologico al problema della alleanza tra classe operaia e "Lumpenproletariat"$fGiulio Salierno 210 $aRoma$cLa Nuova Sinistra$d1972 215 $a139 p.$d18 cm 225 2 $aCultura Politica$v106 410 0$12001$aCultura Politica$v106 454 1$12001 461 1$1001-------$12001 606 0 $aProletariato$yItalia 700 1$aSALIERNO,$bGiulio$050355 801 0$aIT$bsalbc$gISBD 912 $a990001927160203316 951 $aX.3.B. 1306(III D Coll. 36/106)$b52699 L.M.$cIII D 959 $aBK 969 $aUMA 996 $aSottoproletariato in Italia$9340660 997 $aUNISA LEADER 00854nam0-22003011i-450 001 990005690550403321 005 20230802120229.0 035 $a000569055 035 $aFED01000569055 035 $a(Aleph)000569055FED01 035 $a000569055 100 $a19990604d1963----km-y0itay50------ba 101 0 $aita 105 $ayf------00--- 200 1 $aPieter Paul Rubens$fJustus Mnller Hofstede 210 $aMilano$cFratelli Fabbri$dc1963 215 $a3 c., 16 tav.$d35 cm 225 1 $a<>maestri del colore$v7 610 0 $aRubens, Peter Paul 676 $a759$v21$zita 700 1$aRubens,$bPetrus Paulus$f<1577-1640>$024173 801 0$aIT$bUNINA$gRICA$2UNIMARC 901 $aBK 912 $a990005690550403321 952 $a759 MAE 1 (7)$bST.ARTE 10559$fFLFBC 959 $aFLFBC 996 $aPieter Paul Rubens$9601867 997 $aUNINA